| 000 | 02783 a2200373 4500 | ||
|---|---|---|---|
| 001 | 23835652 | ||
| 003 | 0000 | ||
| 005 | 20251031103508.0 | ||
| 008 | 240823s2025 flu b 001 0 eng | ||
| 010 | _a 2024032698 | ||
| 020 | _a9781032067728 | ||
| 035 | _a23835652 | ||
| 040 |
_aDLC _beng _erda _cDLC |
||
| 042 | _apcc | ||
| 050 | 0 | 0 | _aQA 76.9 .C65 .F56 |
| 082 | 0 | 0 |
_a003.3 _223/eng/20240823 |
| 100 | 1 |
_aFischer, Bryan R., _d1960- _eauthor. |
|
| 245 | 1 | 0 |
_aModel-based enterprise : _bachieving lasting value with MBD and MBE / _cBryan R. Fischer. |
| 264 | 1 |
_aBoca Raton : _bCRC Press, _c2025. |
|
| 300 | _axxiv, 373p. ill. | ||
| 336 |
_atext _btxt _2rdacontent |
||
| 337 |
_aunmediated _bn _2rdamedia |
||
| 338 |
_avolume _bnc _2rdacarrier |
||
| 504 | _aIncludes bibliographical references and index. | ||
| 520 |
_a"Model-Based Enterprise describes Model-Based Enterprise (MBE) and Model Based Definition (MBD) in detail, focusing on how to obtain significant business value from MBE. This book presents MBE from technical and business perspectives, focusing on process improvement, productivity, quality, and obtaining greater value from our information and how we work. The evolution of MBD and MBE, from Computer Aided Design (CAD) topics to current approaches and to their future role, is discussed. Following the progression from manual drawings to 2D CAD, 3D CAD, and to digital data and digital information models, MBE is presented as the method to achieve productivity and profitability by understanding the cost of how we work and refining our approaches to creating and using information. Many MBD and MBE implementations have changed how we work, but yield little real business value, processes changed, engineering drawings are replaced with 3D models, but the organization achieved minor benefits from their efforts. This book provides methods to become an MBE and achieve the full value possible from digital transformation. Model Based Enterprise is essential reading for anyone who creates or uses product-related information in OEMs and suppliers, in private sector and in government procurement and development activities. This book is also essential for students in all engineering disciplines, manufacturing, quality, information management, PLM, and related business disciplines"-- _cProvided by publisher. |
||
| 650 | 0 | _aApplication software. | |
| 650 | 0 |
_aBusiness _xData processing. |
|
| 650 | 0 | _aComputer simulation. | |
| 650 | 0 | _aDatabase management. | |
| 776 | 0 | 8 |
_iOnline version: _aFischer, Bryan R., 1960- _tModel-based enterprise _bFirst edition. _dBoca Raton : CRC Press, 2025 _z9781003203797 _w(DLC) 2024032699 |
| 906 |
_a7 _bcbc _corignew _d1 _eecip _f20 _gy-gencatlg |
||
| 942 |
_2lcc _cBK |
||
| 999 |
_c43961 _d43961 |
||